The Odyssey

Spremljeno u:
Bibliografski detalji
Glavni autor: Homer
Format: Knjiga
Jezik:Undetermined
Izdano: London Everyman's Library 1992
Teme:
Oznake: Dodaj oznaku
Bez oznaka, Budi prvi tko označuje ovaj zapis!
Thư viện lưu trữ: Trung tâm Học liệu Trường Đại học Cần Thơ
LEADER 00468nam a2200181Ia 4500
001 CTU_33922
008 210402s9999 xx 000 0 und d
082 |a 883.01 
082 |b H766 
100 |a Homer 
245 4 |a The Odyssey 
245 0 |c Homer 
260 |a London 
260 |b Everyman's Library 
260 |c 1992 
650 |a greek literature - 8th century,greek poetry 
904 |i Minh, 991117 
980 |a Trung tâm Học liệu Trường Đại học Cần Thơ